Piłkarze Lecha Poznań i ich nardowości - Statystyki

Ogólne statystyki
  • Ten quiz został rozwiązany 424 razy
  • Średni wynik to 28 z 30
Statystyki odpowiedzi
Hint Odpowiedź % Poprawnych
Mrozek Polska
100%
Bednarek Polska
100%
Pruchniewski Polska
100%
Gurgul Polska
100%
Pingot Polska
100%
Salamon Polska
100%
B. Tomaszewski Polska
100%
Czerwinski Polska
100%
Murawski Polska
100%
Nadolski Polska
100%
Filip Marchwinski Polska
100%
Czekala Polska
100%
Wilak Polska
100%
Szymczak Polska
100%
Sobiech Polska
100%
Pacławski Polska
100%
Dagerstal Szwecja
98%
Andersson Szwecja
98%
Karlstrom Szwecja
98%
Ishak Szwecja
98%
Pereira Portugalia
94%
Sousa Portugalia
94%
Kvekveskiri Gruzja
88%
Velde Norwegia
88%
Antonio Milic Chorwacja
83%
Gholizadeh Iran
81%
Blazic Słowenia
75%
Hotic Bosnia i Hercegowina
74%
Douglas Szkocja
69%
Ba Loua WKS
63%
Nie znaleziono quizów pasujących do podanych kryteriów
Rozkład punktacji
Procent ludzi z każdym wynikiem
Percentyl według liczby udzielonych odpowiedzi
Twoja historia wyników
Nie rozwiązałeś tego quizu